Autonomía moral, participación democrática y cuidado del otro : bases para un currículum de formación ética y ciudadana /
Guardado en:
| Autor Principal: | |
|---|---|
| Formato: | Libro |
| Publicado: |
Buenos Aires :
Novedades Educativas,
1999
|
| Edición: | 2a. ed. |
| Materias: | |
| Etiquetas: |
Agregar Etiqueta
Sin Etiquetas, Sea el primero en etiquetar este registro!
|
| LEADER | 01336nam a22002175a 4500 | ||
|---|---|---|---|
| 001 | CEM.cems010276 | ||
| 005 | 20080528095115.0 | ||
| 008 | 130507s1999##################000#0#####d | ||
| 003 | CEMS | ||
| 020 | |a 9879191811 | ||
| 082 | 0 | 4 | |a 372.83 |
| 100 | 1 | |a Cullén, Carlos | |
| 245 | 1 | 0 | |a Autonomía moral, participación democrática y cuidado del otro : |b bases para un currículum de formación ética y ciudadana / |c Carlos A. Cullen |
| 250 | |a 2a. ed. | ||
| 260 | |a Buenos Aires : |b Novedades Educativas, |c 1999 | ||
| 300 | |a 172 p. | ||
| 505 | 0 | |a Qué quiere decir educar en la escuela? -- Qué quiere decir enseñar ética? -- Qué quiere decir enseñar ciudadanía? -- Qué pasa hoy con la moral y la ciudadanía? -- Hablemos de la moral -- Hablemos de la ciudadanía -- La docencia como virtud ciudadana -- Contextualicemos la demanda a la escuela de enseñar ética y ciudadanía -- Hacia una didáctica para la enseñanza de la ética y la ciudadanía -- La Nueva Alianza: contenidos educativos y proyectos institucionales -- Definición de criterios para los proyectos educativos de formación ética y ciudadana | |
| 653 | |a Educación | ||
| 653 | |a Didáctica de formación ética y ciudadana | ||
| 859 | |a CEMS |b BIB. CEMS - 11 de abril |h 372.83 |i C897a2 |p 20838.00 |t Ej.1 | ||
| 859 | |a CEMS |b BIB. CEMS - Agricultura |h 372.83 |i C897a2 |p A18885.96 |t Ej.1 | ||
